| 000 | 00845nam a2200241Ia 4500 | ||
|---|---|---|---|
| 003 | OSt | ||
| 005 | 20220923211615.0 | ||
| 006 | a|||||r|||| 00| 0 | ||
| 007 | ta | ||
| 008 | 220922b |||||||| |||| 00| 0 hin d | ||
| 024 | _a3,400 | ||
| 037 | _cTextual | ||
| 040 |
_aARTS _cARTS _bhin |
||
| 041 |
_2hin _ahin |
||
| 082 | _az44xM86x, L3 | ||
| 100 |
_aचतुर्वेदी, सरस्वती प्रसाद _9160981 |
||
| 245 | 0 | _aसारस्वत सन्दर्शनम् | |
| 246 | _aSārasvat sandarshanam | ||
| 260 |
_aप्रयाग _b भारती परिषद _c1973 |
||
| 650 |
_aज्न्श्रैथ्ल्यज्ञ _9160982 |
||
| 942 |
_hz44xM86x, L3 _cTEXL _2CC |
||
| 999 |
_c301361 _d301361 |
||